=LDR 00000nam 2200000 4500 =001 INLIS000000000016824 =005 20200528094427 =035 ##$$a 0010-061300000016824 =008 200528################g##########0#ind## =041 ##$$a Ind =082 ##$$a 2x3.6 =090 ##$$a 2x3.46, Imr m =100 ##$$a Imron =245 1#$$a Memahami takdir secara rasional imani /$c Imron =260 ##$$a Surabaya :$b Bina Ilmu,$c 1991 =300 ##$$a 156 hlm. ; $c 21 x 14 cm. =650 #4$$a Iman - Qada' dan Qadar =850 ##$$a NBPNMAT =084 ##$$a 2x3.6 IMR m =250 ##$$a Cet. 1 =990 ##$$a 1199400260